LEADER 01040nam0-22003131--450- 001 990008659860403321 005 20080515145154.0 035 $a000865986 035 $aFED01000865986 035 $a(Aleph)000865986FED01 035 $a000865986 100 $a20080515d1988----km-y0itay50------ba 101 0 $aita 102 $aIT 105 $ay-------001yy 200 1 $aGiordano Bruno$etra magia e avventure, tra lotte e sortilegi la storia appassionante di un uomo che, ritenuto mago dai contemporanei, fu condannato per eresie dall'Inquisizione e arso vivo sul rogo$fGabriele La Porta$gcollaborazione alle ricerche di Anna Mirabile 210 $aRoma$cNewton Compton$d1988 215 $a251 p.$cill$d23 cm 225 1 $aQuest'Italia$v133 676 $a195$v20$zita 700 1$aLa Porta,$bGabriele$0192761 702 1$aMirabile,$bAnna 801 0$aIT$bUNINA$gRICA$2UNIMARC 901 $aBK 912 $a990008659860403321 952 $aSDI-KE 455$bs.i.$fSDI 959 $aSDI 996 $aGiordano Bruno$9223003 997 $aUNINA LEADER 01502nam 2200397 a 450 001 9910701585603321 005 20120928152703.0 035 $a(CKB)5470000002419228 035 $a(OCoLC)811353826 035 $a(EXLCZ)995470000002419228 100 $a20120928d2012 ua 0 101 0 $aeng 135 $aurmn||||a|||| 181 $ctxt$2rdacontent 182 $cc$2rdamedia 183 $acr$2rdacarrier 200 10$aChemical, biological, radiological, and nuclear consequence management$b[electronic resource] 210 1$a[Washington, D.C.] :$cJoint Chiefs of Staff,$d[2012] 215 $a1 online resource (174 pages) $ccolor illustrations 225 1 $aJoint publication ;$v3-41 300 $a"21 June 2012." 300 $a"This publication supersedes JP 3-41, Chemical, Biological, Radiological, Nuclear, and High-Yield Explosives Consequence Management, 2 October 2006"--E 1. 300 $aTitle from title screen (viewed on Sept. 28, 2012). 320 $aIncludes bibliographical references (page D-1-D-7). 606 $aEmergency management$zUnited States 606 $aExplosives, Military 606 $aUnified operations (Military science) 615 0$aEmergency management 615 0$aExplosives, Military. 615 0$aUnified operations (Military science) 801 0$bGPO 801 1$bGPO 906 $aBOOK 912 $a9910701585603321 996 $aChemical, biological, radiological, and nuclear consequence management$93106335 997 $aUNINA